000 01702cam a2200337Ia 4500
001 ocm19407913
003 0
005 20230123133243.0
008 890321s1989 enka b 100 0 eng d
020 _a085298684X
035 _bH130
040 _aEYG
_cNUST
_dPIT
_dIXA
_dOCL
049 _aMAIN
090 _aTJ930
111 2 _aInternational Conference: Pipework Engineering and Operation
_d(1989 :
_cLondon, England)
245 1 0 _aPipework engineering and operation :
_bProceedings of the Institution of Mechanical Engineers 21-22 February 1989, Birdcage Walk, London /
_cInternational Conference: Pipework Engineering and Operation ; sponsored by the Power Industries Division of the Institution of Mechanical Engineers ; co-sponsored by Institution of Chemical Engineers, Society of Petroleum Engineers.
260 _aBury St. Edmunds, Suffolk :
_bPublished for the Institution of Mechanical Engineers by Mechanical Engineering Publications Limited,
_cc1989.
300 _a326 p. :
_bill. ;
_c30 cm.
490 1 _aIMechE conference ;
_v1989-1
500 _a"MEP-319"--Label on leaf ff. cover.
500 _a"International Conference on 'Pipework Engineering and Operation', held during February 1989"--P. 4 of cover.
504 _aIncludes bibliographical references.
650 0 _aPipe
_xDesign and construction
_vCongresses.
710 2 _aInstitution of Mechanical Engineers (Great Britain).
_bPower Industries Division.
710 2 _aInstitute of Chemical Engineers (Great Britain)
710 2 _aSociety of Petroleum Engineers (U.K.)
830 0 _aI Mech E conference ;
_v1989-1.
907 _a.b10067942
_b17-04-03
_c17-04-03
994 _a92
_bZNA
942 _cBOOKS
_kTJ930
999 _c145398
_d145398